| 000 | 01373nas1a22003371 4500 | ||
|---|---|---|---|
| 001 | RU\NLR\INFOCOMM4\1000503453 | ||
| 005 | 20260209114620.0 | ||
| 035 | _a(NLR Aleph) 002734320 | ||
| 090 |
_a1993783 _c1993783 |
||
| 100 | _a20260215 rusy50 | ||
| 101 | 0 | _arus | |
| 102 | _aRU | ||
| 110 | _azzu||||0|y0 | ||
| 200 | 1 |
_aВрачебныя записки, _fиздаваемыя д[октором] м[едицины] Маркусом. Надворным советником, Св. Анны 2 клас. и Св. Владимира 4 ст. кавалером, Голицынской больницы инспектором |
|
| 207 | 1 | _aЧ.1-3/4 | |
| 210 |
_aМосква _cв типографии С. Селивановскаго _d1827-1829 |
||
| 215 | _d8° | ||
| 300 | _aНа тит. л. ч.2-3/4 в сведениях об ответственности: ... коллежским советником, Св. Анны 2 класса ... | ||
| 321 | 1 | _aЛис. 296 | |
| 518 | 1 | _aВрачебные записки | |
| 702 | 1 |
_aМаркус _bМ. А. _f1789-1865 _gМихаил Антонович _4650 |
|
| 801 | 0 |
_aRU _bNLR _gPSBO |
|
| 801 | 1 |
_aRU _bInfoComm _c20040126 |
|
| 852 |
_aNLR _j2/161 |
||
| 942 | _cSE | ||
| 980 | _aNB | ||
| 980 | _aRUSPER | ||